Gemüse und Obst nach Alphabet - Statistiken

Allgemein
  • Dieses Quiz wurde 1.923 mal gespielt
  • Das Durchschnittsergebnis liegt bei 21 aus 24
Antwortstatistiken
Bildquiz Antwort % Korrekt
Apfel
100%
Brokkoli
99%
Erdbeere
98%
Gurke
98%
Himbeere
98%
Kartoffel
98%
Ingwer
96%
Tomate
96%
Zitrone
96%
Mandarine
95%
Wassermelone
95%
Spargel
91%
Rosine
90%
Drachenfrucht
89%
Ungarische Paprika, Paprika
87%
Johannisbeere
80%
Lauch
80%
Olive
80%
Nuss, Walnuss
78%
Vanille
76%
Pflaume
72%
Fenchel
71%
Quitte
61%
Chinakohl
53%
Keine übereinstimmenden Quizze gefunden
Verteilung der Resultate
Anzahl Personen mit jedem Resultat
Perzentil nach korrekt beantworteten Fragen
Ihre Resultats-Entwicklung
Sie haben dieses Quiz noch nicht gespielt